White shadow (Tamil)

Bibliographic Details
Main Author: Rajeshkumar
Format: Book
Published: Chennai : Visalaaam Publisher (p) ltd , 2005
Subjects:

MARC

LEADER 00000cam a2200000 7i4500
001 0000043231
005 20141201.0
008 141124
090 0 0 |a KUM   |b TAM 
100 1 |a Rajeshkumar 
245 1 0 |a White shadow (Tamil)   |c Rajeshkumar 
260 |a Chennai :   |b Visalaaam Publisher (p) ltd ,   |c 2005 
650 0 |a Dewasa   |x Healing... 
999 |a 0001032229   |b Book   |c Tamil Collection   |e Cawangan Urban Transformation Centre